| 000 | 00641nam a2200229 a 4500 | ||
|---|---|---|---|
| 001 | 42552 | ||
| 003 | BD-RjUL | ||
| 005 | 20211209053546.0 | ||
| 008 | 160613r19631962enk||||| |||| 00| 0 eng d | ||
| 035 | _a(BD-RjUL)42670 | ||
| 040 |
_aBD-RjUL _beng _cBD-RjUL |
||
| 041 | _aeng | ||
| 082 |
_223 _a330 _bHAE 1963 |
||
| 100 |
_aHanson, J. L. _9121226 |
||
| 245 | 1 | 0 |
_aEconomic Aspect of Industry and Commerce / _cby, J. L. Hanson |
| 250 | _a2nd ed. | ||
| 260 |
_aLondon : _bMacdonald $ Evans, Ltd. _c1962 [Reprint 1963] |
||
| 300 |
_axvi, 369 p. : _bill ; _c22 cm |
||
| 500 | _aIncludes Index | ||
| 650 |
_aEconomics _9130846 |
||
| 942 |
_2ddc _cBK |
||
| 999 |
_c42552 _d42552 |
||